House of flying daggers Τα ιπτάμενα στιλέτα

Ο Τζίν, φύλακας του αυτοκράτορα, κρύβει την αληθινή του ταυτότητα για να πλησιάσει την Μέι, μια όμορφη γυναίκα που πιστεύει πως υποκινεί την επανάσταση κατά της Δυναστείας των Τάνγκ. Καθώς οι δυο τους ταξιδεύουν στα βάθη της Κίνας, ο αρχικός σκοπός του Τζιν θολώνει και οι δύο αντίπαλοι σιγά σιγά ερω...

Πλήρης περιγραφή

Αποθηκεύτηκε σε:
Λεπτομέρειες βιβλιογραφικής εγγραφής
Άλλοι συγγραφείς: Zhang, Yimou (Διευθυντής), Kaneshiro, Takeshi (Ηθοποιός), Lau, Andy, 1961- (Ηθοποιός), Zhang, Ziyi, 1979- (Ηθοποιός)
Μορφή: Διαφάνειες
Γλώσσα:Chinese
Greek
Δημοσίευση: [S.l.] : Elite Group Enterprises, c2004.
Σειρά:Κινέζικος κινηματογράφος ; 1
Θέματα:
Ετικέτες: Προσθήκη ετικέτας
Δεν υπάρχουν, Καταχωρήστε ετικέτα πρώτοι!

MARC

LEADER 00000cgm a2200000 i 4500
001 1/4112
008 100203s2004 xx ||| | || ||chi||
035 |l 10106618 
040 |a GR-MyUa  |b gre  |e AACR2 
041 0 |a chi  |j gre 
082 7 |a 791.437   |2 (22) 
245 0 0 |a House of flying daggers   |h [μαγνητοσκόπηση] =   |b Τα ιπτάμενα στιλέτα /   |c του Ζάνγκ Γιμού. 
246 1 |i Παράλληλος τίτλος:   |a Τα ιπτάμενα στιλέτα 
260 |a [S.l.] :   |b Elite Group Enterprises,   |c c2004. 
300 |a 1 βιντεοδίσκος (119 λεπτ.) :   |b ομίλ., έγχρ. ;   |c 4 3/4 ίν. 
490 1 |a (Κινέζικος κινηματογράφος ;  |v 1) 
500 |a Περιλαμβάνεται σε κασετίνα με: The emperor and the assassin = Ο αυτοκράτορας και ο δολοφόνος -- Once upon a time in China = Κάποτε στην Κινα -- New crouching tiger hidden dragon = Νέος τίγρης και δράκος. 
500 |a Κυκλοφόρησε πρώτη φορά ως κινηματογραφική ταινία το 2004. 
511 0 |a Τακέσι Κανεσίρο, Άντι Λάου, Ζίγι Ζάνγκ. 
520 8 |a Ο Τζίν, φύλακας του αυτοκράτορα, κρύβει την αληθινή του ταυτότητα για να πλησιάσει την Μέι, μια όμορφη γυναίκα που πιστεύει πως υποκινεί την επανάσταση κατά της Δυναστείας των Τάνγκ. Καθώς οι δυο τους ταξιδεύουν στα βάθη της Κίνας, ο αρχικός σκοπός του Τζιν θολώνει και οι δύο αντίπαλοι σιγά σιγά ερωτεύονται. Περνώντας από παραμυθένια τοπία, ο Τζιν και η Μέι έρχονται αντιμέτωποι με μια σειρά δοκιμασιών και επιδίδονται με εντυπωσιακή βιρτουοζιτέ σε απαιτητικές μάχες. 
546 |a Στα κινέζικα με υπότιτλους στα ελληνικά. 
650 0 |a Secret societies  |z China  |v Drama. 
655 7 |a Feature films  |2 lcgft 
700 1 |a Zhang, Yimou,  |e drt 
700 1 |a Kaneshiro, Takeshi,  |e act 
700 1 |a Lau, Andy,   |d 1961-  |e act 
700 1 |a Zhang, Ziyi,   |d 1979-  |e act 
830 0 |a Κινέζικος κινηματογράφος ;  |v 1 
852 |a INST  |b SYROS  |c AV  |e 20100203  |h 791.437 ZHA  |p 005500007877  |q 005500007877  |t DVD  |y 23 
901 |a BIBL5-2008-1 
970 |a Κοντού  |b Παρασκευή  |z 03/02/2010